Načítá se...
Bertrand Russell
| Hlavní autor: | |
|---|---|
| Médium: | Printed Book |
| Vydáno: |
Kottayam
Papyrus
2002
|
| LEADER | 00341nam a22001097a 4500 | ||
|---|---|---|---|
| 082 | |a 928 |b BAB.B | ||
| 100 | |a Babusenan, V | ||
| 245 | |a Bertrand Russell | ||
| 260 | |a Kottayam |b Papyrus |c 2002 | ||
| 942 | |c BK | ||
| 999 | |c 22049 |d 22049 | ||
| 952 | |0 0 |1 0 |4 0 |6 928_000000000000000_BAB_B |7 0 |9 24677 |a CAMPUS |b CAMPUS |d 2018-03-27 |l 0 |o 928 BAB.B |p 26384 |r 2018-03-27 |w 2018-03-27 |y BK | ||